000 01479namaa22003371i 4500
005 20260629121821.0
008 260629s1994 ua a|||frm||| 000 0 eng d
040 _aEG-GICUC
_beng
_cEG-GICUC
_dEG-GICUC
_erda
041 0 _aeng
_beng
_bara
049 _aDeposit
097 _aM.Sc
099 _aCai01.07.08.M.Sc.1994.Am.C
100 0 _aAmal Mahmoud Hussein,
_epreparation.
245 1 0 _aCharacterization and serology of the leafhopper-borne maize yellow stripe tenuivirus in egypt /
_cBy Amal Mahmoud Hussein ; Supervised Dr. S. Abol Ela, Prof. E. D. Ammar, Dr. G. H. Sewify ,Dr. M. Elhariry
246 1 5 _aدراسة خواص وسيرولوجية فيروس التخطط الاصفر في الذرة المنقول بنطاط الاوراق في مصر
264 0 _c1994.
300 _a75 Leaves
_billustrations
_c30 cm. +
336 _2rda content
_atext
337 _2rdamedia
_aUnmediated
338 _2rdacarrier
_avolume
502 _aThesis (M.Sc.)-Cairo University, 1994
504 _aBibliography: pages 69-75
653 0 _a leafhopper-borne maize yellow
_astripe tenuivirus in egypt
700 0 _aS. Abol Ela
_ethesis advisor.
700 0 _aE. D. Ammar
_ethesis advisor.
700 0 _aG. H. Sewify
_ethesis advisor.
700 0 _aM. Elhariry
_ethesis advisor.
900 _DDepartment of Economic Entomology
_FFaculty of Science
_UCairo University
_b1994
_cS. Abol Ela
_cE. D. Ammar
_cG. H. Sewify
_cM. Elhariry
905 _aNehad
942 _2ddc
_cTH
_e21
_n0
999 _c180641